Sinking funds, reserve funds and depreciation charges (Record no. 115217)

MARC details
000 -LEADER
fixed length control field 01542cad a22002775a 4500
001 - CONTROL NUMBER
control field L158236
008 - FIXED-LENGTH DATA ELEMENTS--GENERAL INFORMATION
fixed length control field 090309s2014 xxk f 000 0 eng d
020 ## - INTERNATIONAL STANDARD BOOK NUMBER
International Standard Book Number 9781783210404
035 ## - SYSTEM CONTROL NUMBER
System control number (Sirsi) u158236
041 0# - LANGUAGE CODE
Language code of text/sound track or separate title eng
050 04 - LIBRARY OF CONGRESS CALL NUMBER
Classification number 333.33 $2 18
110 2# - MAIN ENTRY--CORPORATE NAME
Corporate name or jurisdiction name as entry element Royal Institution of Chartered Surveyors
9 (RLIN) 4900
245 00 - TITLE STATEMENT
Title Sinking funds, reserve funds and depreciation charges
Medium [electronic resource]
250 ## - EDITION STATEMENT
Edition statement 2nd ed.
260 ## - PUBLICATION, DISTRIBUTION, ETC.
Place of publication, distribution, etc. London
Name of publisher, distributor, etc. RICS
Date of publication, distribution, etc. 2014
490 #0 - SERIES STATEMENT
Series statement RICS Information Paper
520 ## - SUMMARY, ETC.
Summary, etc. Considers sinking funds, reserve funds and depreciation charges in the context of commercial property. This paper is in three sections. The first section addresses matters that owners, occupiers, managers and drafting solicitors might like to consider. The second section provides further information in support of the RICS Code of Practice, Service Charges in Commercial Property (?the Code?). The third section (see Appendix A) sets out suggested service charge lease provisions that have been specifically designed to comply with the principles and provisions of the Code. Supersedes 1st edition.
520 ## - SUMMARY, ETC.
Summary, etc. Archived June 2018 No longer current - information purposes only
521 ## - TARGET AUDIENCE NOTE
Target audience note Advanced
590 ## - LOCAL NOTE (RLIN)
Local note KA
651 #4 - SUBJECT ADDED ENTRY--GEOGRAPHIC NAME
Geographic name United Kingdom
690 ## - LOCAL SUBJECT ADDED ENTRY--TOPICAL TERM (OCLC, RLIN)
Topical term or geographic name as entry element Commercial property
9 (RLIN) 6227
690 ## - LOCAL SUBJECT ADDED ENTRY--TOPICAL TERM (OCLC, RLIN)
Topical term or geographic name as entry element Property management
9 (RLIN) 6262
856 40 - ELECTRONIC LOCATION AND ACCESS
Uniform Resource Identifier <a href="https://www.isurv.com/downloads/download/415/sinking_funds_reserve_funds_and_depreciation_charges_archived">https://www.isurv.com/downloads/download/415/sinking_funds_reserve_funds_and_depreciation_charges_archived</a>
Public note Archived on isurv (subscription required)
942 ## - ADDED ENTRY ELEMENTS (KOHA)
Suppress in OPAC 0
Source of classification or shelving scheme Dewey Decimal Classification
Holdings
Withdrawn status Lost status Source of classification or shelving scheme Damaged status Not for loan Home library Current library Shelving location Date acquired Total Checkouts Full call number Barcode Date last seen Copy number Price effective from Koha item type
    Dewey Decimal Classification     Virtual Virtual Online 30/10/2014   ONLINE PUBLICATION 158236-2001 06/08/2019 1 06/08/2019 Book